Chappell Roan Songs By A Random Line - Statistics

General Stats
  • This quiz has been taken 295 times
  • The average score is 11 of 14
Answer Stats
Hint Answer % Correct
I can hear your Southern drawl a thousand miles away saying Pink Pony Club
92%
I don't want the world but I'll take this city! HOT TO GO
91%
Maybe we'd have an apartment and you'd show me off to your friends at the pier Casual
87%
I'm in the hallway waitin' for ya/ Miniskirt and my go-go boots Red Wine Supernova
86%
Guess I'm the fool/ With her arms out like an angel through the car sunroof Good Luck, Babe
84%
Mean Girls, we watch it every night/ And we both have a crush on Regina George Naked In Manhattan
82%
You know what they say/ Never waste a Friday night on a first date Super Graphic Ultra Modern Girl
77%
Stuck in the suburbs, you're folding his laundry Femininomenon
76%
Am I in the frame from your point of view? Picture You
76%
I love a little drama, let's start a bar fight After Midnight
73%
Everything has changed/ The way I write your name/ The cursive letter A Kaleidoscope
66%
I trade amber clay roads for the/ Sea foam and the endless sun rays California
62%
You'll say that you're sorry, I know that's a lie Coffee
61%
Sometimes I scare myself/ But I can't help what I can't help Guilty Pleasure
44%
No matching quizzes found
Score Distribution
Percent of People with Each Score
Percentile by Number Answered
Your Score History
You have not taken this quiz